00291nam a2200109Ia 4500008004100000041000800041082002500049100001400074245004700088260003700135300000900172230411s9999 xx 000 0 und d aeng aS/617.917/DAT/B01544 aDatta T K aFundamentals of Operation Theatre Services bJaypee BrothersaBangalorec1998 a235p